| 000 | 00465nam a2200181Ia 4500 | ||
|---|---|---|---|
| 003 | GCL | ||
| 008 | 140319s9999 xx 000 0 eng d | ||
| 040 |
_aGCL / _cGCL |
||
| 082 | 0 | 4 |
_a749.3 _bR A |
| 100 | 1 | _aRICCARDI-CUBTT, MONIQUE | |
| 245 | 1 | 0 |
_aTHE ART OF THE CABINET / _cRICCARDI-CUBTT, MONIQUE |
| 260 |
_a[S.N] : _bTHAMES AND HUDSON ، _c1992 |
||
| 300 | _a224\P | ||
| 650 | 0 | 4 | _aDESIGN |
| 650 | 0 | 4 | _aFURNITURE |
| 650 | 0 | 4 | _aCABINETS, ART |
| 942 |
_2ddc _cBK |
||
| 999 |
_c20847 _d20847 |
||